The Shunned House and Other Stories/ (Record no. 213942)

MARC details
000 -LEADER
fixed length control field 00534nam a22001937a 4500
005 - DATE AND TIME OF LATEST TRANSACTION
control field 20251216144635.0
010 ## - LCCN (DPL NO)
LC control number ENG-147310
020 ## - INTERNATIONAL STANDARD BOOK NUMBER
Terms of availability 250.00
International Standard Book Number 9788119524259
035 ## - SYSTEM CONTROL NUMBER
System control number EN-130842
037 ## - SOURCE OF ACQUISITION
Source of stock number/acquisition DBAD
082 ## - DEWEY DECIMAL CLASSIFICATION NUMBER
Classification number S
Edition number 1
100 ## - MAIN ENTRY--PERSONAL NAME
Personal name Lovecraft, H.P
245 ## - TITLE STATEMENT
Title The Shunned House and Other Stories/
Statement of responsibility, etc H.P Lovecraft
250 ## - EDITION STATEMENT
Edition statement 1
260 ## - PUBLICATION, DISTRIBUTION, ETC. (IMPRINT)
Place of publication, distribution, etc Kolkata
Name of publisher, distributor, etc Exceller Books
Date of publication, distribution, etc 2023
270 ## - ADDRESS
Address G1 Dream Apartment, Degree College Road
City Belgharia,Kolkata
300 ## - PHYSICAL DESCRIPTION
Extent 167p.
Dimensions 20cm(pbk)
942 ## - ADDED ENTRY ELEMENTS (KOHA)
Source of classification or shelving scheme Dewey Decimal Classification
Item type English Books
Call number suffix LOV
Classification part S
Holdings
Withdrawn status Lost status Not for loan Collection code Home library Current library Date acquired Source of acquisition Cost, normal purchase price Full call number Barcode Copy number Cost, replacement price Koha item type
      Fiction Sarojini Nagar Sarojini Nagar 16/12/2025 Delivery of Books Act Division 250.00 LOV S EN-130842 1 250.00 English Books

© Delhi Public Library
Hit Counter
free hit counter